01632 2200217 4500001002100000005001500021035002000036007000300056008004100059020002200100082001100122084001700133100001700150245013200167250000600299260002900305300004400334650002400378650004100402520097100443INLIS00000000000250620250826092046 a0010-0825000782ta250826 g 0 ind  a978-602-412-329-1 a355.03 a355.03 CHA d0 aChappy Hakim1 aDefence & Aviation :bMenjaga Kedaulatan Negara di Udara /cChappy Hakim (Penulis); Wisnu Nugroho (Editor); Wulang Sunu (Cover) a- aJakarta :bKompas,c2017 ax, 331 hlm :bteks , ilustrasi ;c23 cm 4aPertahanan Nasional 4aIndonesia - Politik dan Pemerintahan aChappy Hakim telah melekat dalam dunia dirgantara di Indonesia. Tak hanya karena pernah menjadi orang nomor satu di Angkatan Udara Indonesia, tetapi terlebih karena passion-nya yang tak pernah lepas dari kedirgantaraan Indonesia. Melalui kolom-kolomnya di kompas.com, mantan Kepala Staf TNI AU ini konsisten menyuarakan keprihatinannya tentang kedirgantaraan di Indonesia. Baginya, kedirgantaraan pertama-tama merupakan soal kedaulatan dan kebanggaan sebagai sebuah bangsa, bahkan persoalan keamanan nasional. Karena itu, tak pernah jemu ia sarankan agar Indonesia berdaulat atas wilayah udaranya sendiri. Di berbagai kolom dan kesempatan, ia mengingatkan perlunya perencanaan dan pembagian yang jelas antara penerbangan sipil dan militer. Ia juga mengingatkan perlunya kedisiplinan. Alasannya, dunia penerbangan berhubungan dengan teknologi tinggi yang mensyaratkan kedisiplinan dan zero tolerance terhadap kesalahan. Selamat menikmati luasnya dirgantara Indonesia.